Aristarchus of Samos, the ancient Copernicus ; a history of Greek astonomy to Aristarchus, together with Aristarchus's Treatise on the size and distances of the sun and moon /

Bibliographic Details
Main Author: Heath, Thomas Little, Sir, 1861-1940
Other Authors: Aristarchus, of Samos
Format: Book
Language:English
Greek, Modern (1453-)
Published: Oxford : Clarendon Press, 1913.
Subjects:

MARC

Tag First Indicator Second Indicator Subfields
LEADER 00000cam a2200000 4500
001 in00000045992
005 20151007065251.0
008 730904s1913 enk 00000 eng u
010 |a a 13001137  
035 |a (OCoLC)00684476 
035 |9 AAE1643AM 
040 |c TOL  |d TXA  |d UtOrBLW 
041 0 |a eng  |a gre 
049 |a TXAM  |c [194037] 
050 0 0 |a QB21  |b .A7 
092 |a 520.938  |b H438a 
100 1 |a Heath, Thomas Little,  |c Sir,  |d 1861-1940. 
245 1 0 |a Aristarchus of Samos, the ancient Copernicus ;  |b a history of Greek astonomy to Aristarchus, together with Aristarchus's Treatise on the size and distances of the sun and moon /  |c a new Greek text with translation and notes by Sir Thomas Heath. 
264 1 |a Oxford :  |b Clarendon Press,  |c 1913. 
300 |a vi, 2 unnumbered pages, 425 pages, 1 unnumbered page :  |b diagrams ;  |c 24 cm. 
336 |a text  |b txt  |2 rdacontent 
337 |a unmediated  |b n  |2 rdamedia 
338 |a volume  |b nc  |2 rdacarrier 
650 0 |a Astronomy, Greek  |x History. 
700 0 |a Aristarchus,  |c of Samos. 
999 |a MARS 
999 f f |s 4e2f5ff9-1c9e-3f97-925e-5d5d65abc0b3  |i 4ab06e83-40cb-3b73-91d9-ceded5e10004  |t 0 
952 f f |p normal  |a Texas A&M University  |b College Station  |c Sterling C. Evans Library  |d Evans: Library Stacks  |t 0  |e QB21 .A7  |h Library of Congress classification  |i unmediated -- volume  |m A14800898858 
998 f f |a QB21 .A7  |t 0  |l Evans: Library Stacks